Canciones de Bacilos - Estadísticas

Estadísticas generales
  • Esta prueba ha sido intentada 2 veces
  • La puntuación promedio es 6 de 98
Estadísticas de respuestas
Album Canción % Correcto
Caraluna Caraluna
100%
Grandes Éxitos Caraluna
100%
Abecedario Caraluna (Re-Recorded)
100%
Caraluna Mi primer millón
100%
Grandes Éxitos Mi Primer Millón
100%
Pequeños Romances Pequeños Romances
50%
Pequeños Romances 30 Años en Miami
0%
Abecedario Abecedario
0%
¿Dónde nos quedamos? Adicto a ti
0%
Sencillos After you left
0%
Bacilos Ahí Va La Madera
0%
Pequeños Romances Anoche
0%
Caraluna Barcelona
0%
Bacilos Bésela Ya
0%
Grandes Éxitos Bésela Ya
0%
Sencillos Blanco en la Mira
0%
Caraluna Buena
0%
Sencillos Caraluna argü
0%
Cupido y Compañía (EP) Carta a Cupido
0%
Cupido y Compañía (EP) Carta a Cupido - Mariachi
0%
Sencillos Cheve
0%
Sencillos Claveles y Rosas
0%
Sin vergüenza Colores, Colores
0%
Bacilos Cómo Querer
0%
Grandes Éxitos Contigo
0%
Grandes Éxitos Contigo (Remix)
0%
Bacilos Crónica
0%
Grandes Éxitos Crónica
0%
Bacilos Cuestión De Madera
0%
Grandes Éxitos De Aquí A Que Salga El Sol
0%
Grandes Éxitos De Aquí A Que Salga El Sol (Remix)
0%
Pequeños Romances Dolores de Cabeza
0%
Abecedario Dónde Está el Amor
0%
Sencillos Donde Tú Quieras
0%
Cupido y Compañía (EP) El Broche Dorado
0%
Sencillos El Burrito Sabanero
0%
Caraluna El edificio
0%
Caraluna Elena
0%
Sencillos Ella Marchita las Flores
0%
Sencillos El Tamborilero
0%
Sin vergüenza En Algún Recuerdo
0%
Sin vergüenza En Los 70's
0%
Pequeños Romances Enredadera
0%
Pequeños Romances Epifanía
0%
Abecedario Espejo
0%
Pequeños Romances Facho
0%
Sin vergüenza Feliz Conmigo
0%
Grandes Éxitos Feliz Conmigo
0%
Sin vergüenza Guerras Perdidas
0%
Grandes Éxitos Guerras Perdidas
0%
Abecedario Holala
0%
Abecedario La Chica de Rojo
0%
Sin vergüenza La Mexicana
0%
Sin vergüenza La Olla
0%
¿Dónde nos quedamos? La playa
0%
Pequeños Romances Las Notas de mi Psicóloga
0%
¿Dónde nos quedamos? La última bala
0%
¿Dónde nos quedamos? Locos
0%
Bacilos Lo Mismo Que Yo
0%
Grandes Éxitos Lo Mismo Que Yo
0%
Pequeños Romances Mala Maña
0%
Bacilos Manchados De Amor
0%
Sencillos Maraika
0%
Bacilos Más Allá
0%
Sencillos Más Na'
0%
Cupido y Compañía (EP) Me Gustas Tú
0%
Sin vergüenza Miro La Luna y Pienso En Ti
0%
Caraluna Nada
0%
Caraluna Nada especial
0%
¿Dónde nos quedamos? Negra, Negra, Negra
0%
Sencillos No Me Nananees
0%
Sencillos No Quiero Bailar Solito
0%
Caraluna Odio el silencio
0%
Sin vergüenza Pasos de Gigante
0%
Grandes Éxitos Pasos De Gigante
0%
¿Dónde nos quedamos? Pequeñas mentiras
0%
¿Dónde nos quedamos? Perderme contigo
0%
Pequeños Romances Permiso
0%
¿Dónde nos quedamos? Por hacerme el bueno
0%
Abecedario Por Hacerme el Bueno (Remix)
0%
Sin vergüenza Porque Brillamos
0%
Sencillos Salvavidas
0%
Sin vergüenza Sangre Americana
0%
Bacilos Soledad
0%
¿Dónde nos quedamos? Solo
0%
Caraluna Solo un segundo
0%
Grandes Éxitos Sólo Un Segundo
0%
Abecedario Suspirando
0%
Bacilos Tabaco Y Chanel
0%
Grandes Éxitos Tabaco Y Chanel
0%
Abecedario Tabaco y Chanel (Re-Recorded)
0%
Cupido y Compañía (EP) Te Creí
0%
Sencillos TOCA MADERA
0%
Sin vergüenza Un Regalo
0%
¿Dónde nos quedamos? Vete pa' la M
0%
Caraluna Viejo
0%
Pequeños Romances Yo Me Caso Contigo
0%
Abecedario Y Tú Qué
0%
No se encontraron pruebas coincidentes
Distribución de puntuación
Porcentaje de gente con cada puntuación
Porcentaje por número respondido
Historial de tus puntuaciones
No has intentado esta prueba.